| 000 | 00735nam a22002295a 4500 | ||
|---|---|---|---|
| 005 | 20161120115527.0 | ||
| 008 | 161110t2015 njua frb 001 0 eng d | ||
| 020 | _a9789814632324 | ||
| 082 | 0 | 4 |
_a338.9 _bCOH _222 |
| 100 | 1 |
_aCohen, S. I., _d1942- |
|
| 245 | 1 | 0 |
_aWorld development and economic systems : _btheory and applications / _cS. I. Cohen. |
| 260 |
_aNew Jersey : _bWorld Scientific, _cc.2015. |
||
| 300 |
_axvi, 392 p. : _bill. ; _c25 cm. |
||
| 500 | _aIndex : p. 385-392. | ||
| 504 | _aBibliography : p. 375-383. | ||
| 590 | _aSuzan Ashmawy ; revised by Fouad | ||
| 650 | 7 |
_aEconomic development. _2BUEsh |
|
| 650 | 7 |
_aEconomic history. _2BUEsh |
|
| 651 | _2BUEsh | ||
| 653 |
_bBUSECO _cNovember2016 |
||
| 942 | _2ddc | ||
| 999 |
_c23084 _d23056 |
||